[Event "Portugal Open 2019"]
[Site "Lisbon"]
[Date "2019.02.03"]
[Round "2"]
[White "Fidalgo, Andre Neves"]
[Black "Petrov, Nikita"]
[Result "0-1"]
[WhiteElo "2204"]
[BlackElo "2585"]
[Annotator "TA"]
[PlyCount "116"]
[EventDate "2019.01.25"]
[EventType "swiss"]
[EventCountry "POR"]
[SourceTitle "playchess.com"]
[Source "ChessBase"]
[SourceQuality "1"]

{[%evp 9,116,3,26,2,-2,-8,0,-2,0,-4,-24,-20,-14,-19,-7,-12,0,0,0,0,0,0,1,0,0,0,0,-18,-24,-50,-48,-60,-64,-79,-71,-67,-54,-161,-158,-191,-21,-20,-23,-165,-77,-246,-264,-273,-271,-281,-273,-273,-273,-273,-273,-281,-258,-264,-283,-288,-288,-288,-288,-281,-281,-281,-273,-428,-406,-454,-341,-341,-344,-339,-326,-1062,-1062,-1060,-1060,-1060,-1058,-5377,-5297,-5600,-5477,-5583,-4706,-6107,-1092,-1077,-1077,-1076,-1069,-1061,-431,-1056,-1048,-1029,-1011,-967,-875,-970,-875,-704,-420,-29982,-29983,-29990,-29991]} 1. d4 Nf6 2. c4 e6 3. Nf3 a6 4. g3 b5 5. Bg2 $146 ({Predecessor:} 5. b3 Bb7 {1-0 (56) Salem,A (2638)-Khismatullin,D (2632) Riadh 2017}) 5... Bb7 6. b3 {E10: Blumenfeld Gambit} c5 7. d5 exd5 8. Nh4 {The position is equal.} Qc7 ({Predecessor:} 8... Ne4 9. cxd5 Qf6 10. Bxe4 Qxa1 11. Qc2 d6 12. O-O {1-0 (56) Salem,A (2638)-Khismatullin,D (2632) Riadh 2017}) 9. Bf4 d6 10. cxd5 g6 11. Nc3 Bg7 12. Rc1 b4 13. Na4 {Strongly threatening Nxc5!} Nbd7 14. e4 O-O 15. O-O a5 16. Re1 Rfe8 17. g4 Ne5 $36 {[%mdl 2048] Black has the initiative.} 18. h3 (18. Bxe5 $5 Rxe5 19. f4 $11) 18... Nfd7 19. Bg3 {Black must now prevent f4.} Nb6 20. f4 Ned7 21. Nxb6 Qxb6 22. Nf3 Bc3 23. Rxc3 (23. Nd2 $15) 23... bxc3 $19 24. e5 {[#]} c2 $2 (24... a4 $1 $19 {Threatens to win with ...axb3.} 25. bxa4 Qb2) 25. Qxc2 $11 Bxd5 {Hoping for ...Qb7.} 26. Rd1 {[#]} (26. Ng5 $11 {and White is okay.} Bxg2 27. Qxg2) 26... Qb7 (26... c4+ $1 $19 {and Black stays clearly on top.} 27. Bf2 Qb7 28. Rxd5 Qxd5) 27. Rxd5 $2 (27. Ng5 $17 Bxg2 28. Qxg2 Qxg2+ 29. Kxg2) 27... Qxd5 $19 28. Bf2 {And now Ng5 would win.} dxe5 29. Nxe5 Qe6 30. Nxd7 Qxd7 31. Bxa8 Rxa8 32. Qxc5 {[%mdl 4096] Endgame KQR-KQB} a4 33. bxa4 Qxa4 34. Qe5 Re8 ({Not} 34... Qxa2 35. Bd4 $17) 35. Qf6 {intending Bd4.} Qxa2 36. f5 Qb1+ 37. Kg2 Qd3 38. Qh4 (38. Qc6 {was called for.} Rb8 39. Qf3) 38... Qe4+ ({But not} 38... Qd5+ 39. Kh2 $19) 39. Kg3 Qe5+ 40. Kg2 Qd5+ 41. Kg3 Re2 42. Qf6 $2 (42. fxg6 hxg6 43. Qf6) 42... Qd3+ 43. Kg2 Qe4+ 44. Kg3 Rd2 45. Qb6 Qe5+ 46. Kg2 gxf5 47. gxf5 Qxf5 48. Qe3 {[#]} Qd5+ (48... Qxf2+ $142 $1 49. Qxf2 Rxf2+ 50. Kxf2 Kg7) 49. Kh2 Qd6+ 50. Kg2 Qg6+ 51. Kh2 Rd8 (51... Rc2 $142 52. Qg3 Kg7) 52. Bg3 (52. Qg3 $142) 52... Rc8 53. Bf2 h5 54. Qe5 Kh7 55. Qe3 Qd6+ 56. Kg2 Qd5+ 57. Kh2 (57. Qf3 $19 Qxf3+ 58. Kxf3) 57... Rg8 {[%csl Gg8][%cal Rd5g2]} 58. Bg3 h4 {Accuracy: White = 34%, Black = 74%.} 0-1

[Event "Portugal Open 2019"]
[Site "Lisbon"]
[Date "2019.02.03"]
[Round "2"]
[White "Nielsen, Andre"]
[Black "Xu, Xiangyu"]
[Result "0-1"]
[WhiteElo "2201"]
[BlackElo "2565"]
[Annotator "TA"]
[PlyCount "78"]
[EventDate "2019.01.25"]
[EventType "swiss"]
[EventCountry "POR"]
[SourceTitle "playchess.com"]
[Source "ChessBase"]
[SourceQuality "1"]

{[%evp 18,78,32,26,24,34,32,22,23,-68,-58,-50,-62,-62,-58,-68,-73,-75,-70,-77,-83,-60,-66,-92,-89,-205,-208,-202,-203,-202,-189,-202,-221,-216,-215,-210,-208,-214,-199,-215,-231,-231,-230,-222,-229,-206,-213,-292,-283,-326,-315,-539,-522,-417,-405,-955,-943,-904,-905,-866,-837,-703,-706]} 1. e4 c5 2. Nf3 Nc6 $146 ({Predecessor:} 2... e6 3. d4 cxd4 4. Nxd4 a6 5. Nc3 d6 6. Be3 Nc6 7. Qd2 Nf6 8. f3 Be7 9. O-O-O h5 10. h4 Qc7 11. Bg5 {½-½ (31) Shankland,S (2612)-Arnold,M (2538) Saint Louis 2013}) 3. d4 cxd4 4. Nxd4 Nf6 5. Nc3 d6 6. Bg5 e6 7. Qd2 a6 8. O-O-O Bd7 9. f3 Be7 10. h4 h6 {B67: Sicilian: Richter-Rauzer: 7...a6 8 0-0-0 Bd7, lines without 9 f4 Be7} 11. Be3 h5 12. Bg5 Qc7 {The position is equal.} 13. g4 ({Better is} 13. Nxc6 $11 Bxc6 14. Bf4) ({Predecessor:} 13. Kb1 Rd8 14. Nxc6 Bxc6 15. Ne2 b5 16. Nd4 Bb7 17. Bd3 Bc8 18. Qf2 {½-½ (31) Shankland,S (2612)-Arnold,M (2538) Saint Louis 2013}) 13... hxg4 $15 14. fxg4 Nxd4 15. Qxd4 Qc5 16. Qxc5 dxc5 17. Be2 Bc6 18. Bf3 Nd7 19. Bxe7 Kxe7 20. g5 Ne5 21. Bg2 (21. Be2 $17 {might work better.}) 21... Rh5 $19 22. Rh3 Rah8 23. Rdh1 {[#]} Ng6 $1 24. Ne2 Rxh4 25. Rxh4 Rxh4 ({Don't do} 25... Nxh4 26. Bf3) 26. Rxh4 Nxh4 {[%mdl 4096] Endgame KBN-KBN} 27. Bh1 Kd6 28. Kd2 Ke5 29. Ke3 {[#]} Nf5+ $1 {[%mdl 512]} 30. exf5 {Hoping for Bxc6.} Bxh1 31. fxe6 fxe6 {KB-KN} ({Resist} 31... Kxe6 32. Kf4 $17) 32. Ng3 Bd5 33. b3 g6 34. a4 $2 (34. Ne2) 34... a5 35. Ne2 Be4 36. c4 (36. Kd2 $142) 36... Bc2 {Black is clearly winning.} 37. Nc1 Kf5 38. Kd2 Be4 39. Ke3 b6 {Accuracy: White = 39%, Black = 100%.} 0-1

[Event "Portugal Open 2019"]
[Site "Lisbon"]
[Date "2019.02.03"]
[Round "2"]
[White "Costa, Paulo"]
[Black "Annaberdiev, Meilis"]
[Result "0-1"]
[WhiteElo "2200"]
[BlackElo "2522"]
[Annotator "TA"]
[PlyCount "96"]
[EventDate "2019.01.25"]
[EventType "swiss"]
[EventCountry "POR"]
[SourceTitle "playchess.com"]
[Source "ChessBase"]
[SourceQuality "1"]

{[%evp 21,96,0,0,-22,-18,-20,0,-6,0,-7,-8,-36,-31,-58,-46,-68,38,28,34,33,38,29,28,16,31,0,25,13,11,11,20,-20,0,-17,-17,-26,-26,-26,-26,-65,-48,-73,-81,-65,-38,-210,-230,-212,-208,-193,-215,-215,-215,-651,-653,-646,-511,-641,-631,-691,-688,-679,-681,-654,-629,-693,-675,-602,0,-630,-625,-582,-559,-896,-886,-5389,-1619]} 1. Nf3 c5 2. g3 (2. c4 Nc6 3. Nc3 g6 4. g3 Bg7 5. Bg2 e5 {0-1 (72) Lenderman,A (2611)-Le,Q (2737) chess.com INT 2018}) 2... Nc6 3. Bg2 g6 4. O-O Bg7 5. c4 e5 6. Nc3 Nge7 7. d3 $146 (7. Ne1 O-O 8. Nc2 d6 9. Ne3 Be6 10. Ned5 Qd7 {0-1 (72) Lenderman,A (2611)-Le,Q (2737) chess.com INT 2018}) ({Predecessor:} 7. Ne1 O-O 8. Nc2 d6 9. Ne3 Be6 10. Ned5 Qd7 {½-½ (46) Vastrukhin,O (2413)-Gabrielian,A (2499) St Petersburg 2018}) 7... O-O 8. Ne1 d6 9. Nc2 Be6 10. Ne3 Qd7 11. Ned5 Bh3 12. e3 {A37: Symmetrical English vs ...g6: 4 Bg2 Bg7 5 Nf3} (12. Rb1 Bxg2 13. Kxg2 f5 14. a3 Rac8 15. f3 Rf7 16. b4 Nxd5 17. Nxd5 Ne7 18. Nxe7+ Rxe7 19. Be3 Qe6 20. bxc5 dxc5 {0-1 (72) Lenderman,A (2611)-Le,Q (2737) chess.com INT 2018}) 12... Bxg2 13. Kxg2 Nxd5 14. cxd5 {The position is equal.} ({Predecessor:} 14. Nxd5 Ne7 15. Qf3 Nxd5 16. Qxd5 Kh8 17. Rb1 a5 18. Bd2 b6 19. f4 exf4 20. gxf4 {½-½ (46) Vastrukhin,O (2413)-Gabrielian,A (2499) St Petersburg 2018}) 14... Ne7 15. e4 b5 16. Be3 f5 17. f3 f4 18. Bf2 h5 (18... g5 $15) 19. gxf4 $1 $14 Rxf4 20. Be3 Rf7 21. Qd2 Raf8 22. Rf2 Kh7 23. Raf1 Bf6 {[#] Hoping for ...Bh4.} 24. Bg5 Ng8 25. h3 b4 26. Nd1 Qe7 27. h4 Qd7 28. Bxf6 Rxf6 29. Qg5 Qb5 30. Qd2 Rf4 $36 {[%mdl 2048] Black is more active.} 31. Kg3 Qa4 32. Ne3 Qd7 33. Ng2 $2 {[#]} (33. Rh2 $15) 33... Rxf3+ $1 $19 {[%mdl 576] Remove Defender} 34. Rxf3 Qg4+ 35. Kh2 Rxf3 36. Rxf3 Qxf3 37. Qg5 $2 (37. Ne1 Qf1 38. Kg3) 37... Nf6 {Threatens to win with ...Ng4+.} 38. Ne3 Qf2+ 39. Kh1 a6 40. a4 b3 41. a5 Ng8 42. Nc4 Qf1+ 43. Kh2 Nf6 {( -> ...Ng4+)} 44. Ne3 Qf2+ 45. Kh1 $1 c4 {Black is clearly winning.} 46. dxc4 Ng8 ({Not} 46... Nxe4 47. Qe7+ Kh6 48. Ng2 $19) 47. c5 Qxb2 48. Nf5 Qc2 {Accuracy: White = 42%, Black = 64%.} (48... Qb1+ $142 49. Kh2 Qc2+ 50. Kg3 b2) 0-1

[Event "Portugal Open 2019"]
[Site "Lisbon"]
[Date "2019.02.03"]
[Round "2"]
[White "Ermeni, Avni"]
[Black "Stefansson, Hannes"]
[Result "*"]
[WhiteElo "2194"]
[BlackElo "2514"]
[Annotator "TA"]
[PlyCount "18"]
[EventDate "2019.01.25"]
[EventType "swiss"]
[EventCountry "POR"]
[SourceTitle "playchess.com"]
[Source "ChessBase"]
[SourceQuality "1"]

{[%evp 9,18,18,7,7,16,0,0,-72,-46,-78,-37]} 1. c4 b6 2. Nc3 Bb7 3. e4 c5 4. Nf3 Nf6 5. Bd3 (5. e5 Ne4 6. Ne2 f6 7. d3 Ng5 8. Nxg5 fxg5 9. Bxg5 Qc7 10. Bf4 e6 11. Nc3 Nc6 12. Nb5 Qd8 13. Qh5+ {1-0 (54) Dubov,D (2648)-Rozum,I (2590) Sochi 2016}) 5... Nc6 {LiveBook: 3 Games} 6. O-O {A34: Symmetrical English: 2 Nc3, lines with ...d5} g6 7. Re1 Bg7 8. b3 (8. e5 $11 {remains equal.} Nh5 9. Be4) 8... O-O $146 ({Predecessor:} 8... a6 9. Bb2 d6 10. Rc1 O-O 11. Bb1 Nd7 12. d3 Nde5 13. Nxe5 dxe5 {½-½ (30) Dargel,M (1991)-Kuhn,M (2114) Ruhrgebiet 2004}) 9. Bb2 e6 *

[Event "Portugal Open 2019"]
[Site "Lisbon"]
[Date "2019.02.03"]
[Round "2"]
[White "Santos, Jose Guilherme B Li"]
[Black "Dvirnyy, Danyyil"]
[Result "0-1"]
[WhiteElo "2191"]
[BlackElo "2487"]
[Annotator "TA"]
[PlyCount "98"]
[EventDate "2019.01.25"]
[EventType "swiss"]
[EventCountry "POR"]
[SourceTitle "playchess.com"]
[Source "ChessBase"]
[SourceQuality "1"]

{[%evp 14,98,28,5,-8,-1,-8,-62,-45,-102,-118,-121,-102,-123,-89,-142,-144,-156,-93,-169,-49,-66,-50,-129,-129,-119,-124,-131,-119,-158,-113,-104,0,0,-1,-90,0,0,-8,-100,-57,-52,-59,-66,-26,-88,-56,-76,0,0,0,0,0,0,9,0,0,0,12,-408,0,0,0,-27,-31,-35,-22,-163,-160,-138,-158,-396,-444,-429,-402,-831,-803,-945,-913,-850,-825,-4902,-1867,-1438,-1346,-29977,-29978]} 1. e4 e6 2. d4 d5 3. Nc3 Nf6 4. Bg5 Be7 5. e5 Nfd7 6. h4 h6 7. Bxe7 Qxe7 8. Qg4 O-O {C14: French: Classical System: 4 Bg5 Be7 main line} 9. O-O-O (9. f4 a6 10. Nf3 c5 11. O-O-O Nc6 12. Rh3 cxd4 13. Nxd4 Nxd4 14. Rxd4 f6 15. exf6 Qxf6 16. Qd1 {½-½ (61) Amonatov,F (2614)-Levin,E (2516) St Petersburg 2018}) 9... c5 10. dxc5 $146 (10. f4 $11) ({Predecessor:} 10. f4 cxd4 11. Nb5 f6 12. Nxd4 Nc5 13. Ngf3 Ne4 14. Bd3 f5 15. Qg6 Qf7 16. Qxf7+ Rxf7 {1-0 (43) Starostits,I (2467)-Ulybin,M (2491) Jurmala 2014}) 10... Nxe5 $15 {Black is slightly better.} (10... Qxc5 $6 11. f4 $11) 11. Qg3 (11. Qe2 $1 $15 Nbc6 12. f4) 11... Ned7 12. Nf3 Nxc5 13. h5 Nbd7 14. Rh4 (14. Qf4 $142) 14... Nf6 15. Qe5 {[%cal Rc3d5]} Rd8 (15... Re8 $142 $1 16. Nb5 Ncd7) 16. Bd3 (16. Rhd4 $17) 16... Ncd7 (16... Bd7 $19 17. Kb1 Rac8) 17. Qe3 $1 Qc5 18. Qe2 {[#]} ({Only move:} 18. g4 $1 $15) 18... e5 $1 $17 {[%mdl 576] Deflection} 19. Nxe5 Nxe5 (19... d4 20. Rxd4 Re8 21. f4 $16 (21. Nxd7 Bxd7 22. Qd2 Rac8 $14)) 20. Qxe5 Qxf2 21. Rf4 Qg3 22. Be2 d4 ({Much worse is} 22... Qxg2 $6 23. Qd4 $14) (22... Re8 $17 23. Qd4 Qg5) 23. Rd3 $11 Qh2 {aiming for ...Bg4!} ({Wrong is} 23... Qxg2 $2 24. Rxf6 Qg5+ 25. Qxg5 $18) 24. Rdxd4 (24. Ne4 $11 Nxe4 25. Rxe4 Qxe5 26. Rxe5) 24... Bg4 (24... Qg1+ $17 25. Rd1 Rxd1+ 26. Bxd1 Be6) 25. Bxg4 Nxg4 {[%mdl 64] Pin} 26. Qe1 (26. Qe2 $11 Nf6 27. g4) 26... Rxd4 27. Rxd4 Qxg2 28. Nd5 Rf8 29. Nf4 (29. b3 $11) 29... Qc6 30. Nd5 Kh8 (30... Re8 $17 31. Ne7+ Kf8 32. Nxc6 Rxe1+ 33. Kd2 Re8 34. Nxa7 Nf6) 31. Qe7 $1 {[%cal Re7f8]} Re8 32. Qxf7 Ne5 $40 {[%mdl 128] Black mounts an attack.} 33. Qf1 (33. Qf5 {feels hotter.} Qc5 34. Qe4 Qf8 35. Nf4 Qf7 36. Qd5) 33... b5 (33... Rd8 {is more complex.} 34. Qg2 Nc4 35. c3 Re8 36. Rd1 Nb6) 34. Qd1 (34. Qe2 {with more complications.} a5 35. b3 a4 36. Rd1 Qb7 37. Nc3) 34... a5 35. Nf4 Qf6 {Hoping for ...Nf3!} 36. Qf1 $2 {[%mdl 8192] [#]} (36. Re4 $11 Kh7 37. Qd4) 36... Qg5 $2 (36... Nf3 $1 $19 {[%mdl 512]} 37. Qxf3 Qxd4) 37. b3 Rf8 38. Kb1 Kh7 39. Qc1 Nf3 40. Re4 {[#]} (40. Ne6 $1 $11 {and White stays safe.} Qxc1+ 41. Kxc1 Nxd4 42. Nxf8+ Kg8 43. Nd7) 40... Qf5 $1 $19 {[%cal Rf5e4]} 41. Ng6 {Threatens to win with Rf4.} Rd8 ({But not} 41... Qxe4 $6 42. Nxf8+ Kh8 43. Qd1 $11) 42. Rf4 $2 (42. Re2 $17 {was forced.}) 42... Qxh5 43. Nf8+ {[#]} Kg8 $1 44. Ne6 (44. Qe3 $142 Ng5 45. Kb2 Rxf8 46. Rxf8+ Kxf8 47. Qc5+ Kg8 48. Qxb5) 44... Nd2+ 45. Ka1 Qe5+ {[%mdl 64] Double Attack} 46. c3 Qxe6 47. Qc2 Qe1+ 48. Kb2 {[#]} Nc4+ $1 49. Rxc4 (49. bxc4 Rd2) 49... bxc4 {Accuracy: White = 24%, Black = 49%.} 0-1

[Event "Portugal Open 2019"]
[Site "Lisbon"]
[Date "2019.02.03"]
[Round "2"]
[White "Maisuradze, Nino"]
[Black "Bilguun, Sumiya"]
[Result "0-1"]
[WhiteElo "2186"]
[BlackElo "2471"]
[Annotator "TA"]
[PlyCount "91"]
[EventDate "2019.01.25"]
[EventType "swiss"]
[EventCountry "POR"]
[SourceTitle "playchess.com"]
[Source "ChessBase"]
[SourceQuality "1"]

{[%evp 20,91,8,9,19,25,33,31,58,0,10,10,13,0,16,6,22,0,0,0,12,0,-1,-62,-68,-167,-132,-145,0,0,0,0,0,-4,-6,-15,-6,-23,0,-22,-25,-65,-17,-13,-8,-8,-14,-102,0,0,0,0,0,0,0,0,0,0,0,-57,0,0,0,0,0,-29973,-29975,-29973,-29978,-29978,-29978,-29968,-5314,-29991]} 1. d4 Nf6 2. c4 e6 3. Nc3 Bb4 4. Qc2 O-O 5. a3 Bxc3+ 6. Qxc3 b6 7. Nf3 Bb7 8. g3 d6 9. Bg2 Nbd7 10. O-O Qe7 11. b4 {LiveBook: 69 Games} a6 {E32: Nimzo-Indian: Classical (4 Qc2): 4...0-0} (11... c5 12. Bb2 cxd4 13. Qxd4 e5 14. Qd1 Rfc8 15. Rc1 a6 16. Nh4 Bxg2 17. Nxg2 Qe6 18. Ne3 b5 19. Qd3 bxc4 20. Nxc4 {½-½ (49) Malakhatko,V (2531)-Zhigalko,S (2655) Al Ain 2015}) 12. Bb2 Rfc8 $146 ({Predecessor:} 12... Rac8 13. Rfd1 c5 14. dxc5 bxc5 15. Rac1 cxb4 16. axb4 a5 17. b5 Nc5 18. Ba3 Nfe4 19. Qe3 {1-0 (56) Clement,O (2071)-Buscara,S (2334) Saint Affrique 2012}) 13. Rfd1 Rab8 {White is slightly better.} 14. Nd2 (14. d5 $5) 14... Bxg2 15. Kxg2 c5 16. e4 e5 17. dxe5 Nxe5 18. b5 axb5 19. cxb5 Qb7 20. f3 Re8 $1 {With the idea ...d5.} 21. Re1 (21. Qb3 $1 $11) 21... d5 $15 22. Rad1 (22. exd5 $1 $15 Nxd5 23. Qc2 Nxf3 24. Nxf3 (24. Rxe8+ $2 Rxe8 25. Kxf3 Ne3+ 26. Qe4 Rxe4 $19) 24... Ne3+ 25. Rxe3 Rxe3 26. Rf1) 22... h5 23. Qc2 {[#] Black must now prevent exd5.} dxe4 ({Black should play} 23... d4 $17 24. Nc4 Nxc4 25. Qxc4 Nd7) 24. Bxe5 $1 $11 Rxe5 25. Nxe4 Qe7 26. Nxf6+ Qxf6 27. Rxe5 Qxe5 {[%mdl 4096] Endgame KQR-KQR} 28. a4 g6 29. Rd2 Re8 30. Rd1 Ra8 31. Rd7 Qe6 32. Qd1 Kg7 33. Qd5 (33. Rd6 $11 {keeps the balance.} Qa2+ 34. Rd2 Qxa4 35. Qxa4 Rxa4 36. Rd6) 33... Qe2+ (33... Qxd5 $17 34. Rxd5 c4) 34. Kg1 $1 Rf8 35. f4 Qe1+ 36. Kg2 Qe2+ 37. Kg1 c4 {[%cal Bc5c4,Bc4c3,Bc3c2][%mdl 32]} 38. Qd4+ Kg8 39. Qd2 (39. Rc7 $11) 39... Qe4 (39... Qxd2 $15 40. Rxd2 c3) 40. Rd8 Rxd8 41. Qxd8+ {KQ-KQ} Kg7 {Hoping for ...c3.} 42. Qxb6 $2 {[%mdl 8192] [#]} (42. Qd2 $11) 42... c3 $1 {[%cal Rc3c2]} 43. Kf2 Qc2+ 44. Ke3 Qd2+ 45. Ke4 c2 {( -> ...Qg2+)} 46. h3 {Precision: White = 44%, Black = 45%.} 0-1

[Event "Portugal Open 2019"]
[Site "Lisbon"]
[Date "2019.02.03"]
[Round "2"]
[White "Borges, Guilherme Deola"]
[Black "Terrieux, Kevin"]
[Result "1/2-1/2"]
[WhiteElo "2181"]
[BlackElo "2459"]
[Annotator "TA"]
[PlyCount "50"]
[EventDate "2019.01.25"]
[EventType "swiss"]
[EventCountry "POR"]
[SourceTitle "playchess.com"]
[Source "ChessBase"]
[SourceQuality "1"]

{[%evp 10,50,44,-16,87,38,113,77,66,59,37,20,56,0,0,0,0,0,0,0,0,5,6,-15,-15,-15,-15,-15,-7,-16,-9,-20,-18,-14,-18,-18,-22,-15,-5,-6,-7,-8,0]} 1. d4 e6 2. c4 b6 3. Nc3 Bb7 4. e4 Bb4 5. Bd3 f5 6. d5 {LiveBook: 40 Games. A40: Unusual replies to 1 d4} ({Wrong is} 6. exf5 $2 Bxg2 7. Qh5+ Kf8 $19) ({Better is} 6. f3 $14) (6. Qh5+ g6 7. Qe2 Nf6 8. Bg5 fxe4 9. Bc2 h6 10. Bxf6 Qxf6 11. Bxe4 Nc6 12. Nf3 O-O-O 13. O-O Nxd4 14. Nxd4 Qxd4 15. Rad1 Qf6 16. Bxb7+ Kxb7 {0-1 (75) Dzagnidze,N (2570)-Hou,Y (2673) Beijing 2014}) 6... Qf6 (6... fxe4 $11 {keeps the balance.} 7. Bxe4 Nf6) 7. Nge2 Na6 $146 (7... fxe4 $14 8. Bxe4 exd5 9. Bxd5 (9. cxd5 Na6 $14) 9... Bxd5 10. Qxd5 c6) ({Predecessor:} 7... Ne7 8. O-O O-O 9. Qc2 c6 10. Be3 cxd5 11. exd5 Na6 12. a3 Bd6 13. b4 Rac8 {1-0 (29) Mora Alba,A (1939)-Gomez Olivares,A (1849) Palma de Mallorca 2000}) 8. O-O {White is better.} (8. exf5 {feels hotter.} exf5 9. a3 Bd6 10. O-O Ne7 11. Nb5) 8... Ne7 9. a3 Bxc3 $1 10. Nxc3 O-O 11. Bc2 ({White should play} 11. exf5 $14 exd5 12. Nxd5 Nxd5 13. cxd5) 11... Nc5 $11 {The position is equal.} 12. Be3 Nxe4 13. Nxe4 fxe4 14. Bxe4 Nf5 15. Qc2 Rae8 16. Bxf5 Qxf5 17. Qxf5 Rxf5 18. dxe6 Rxe6 19. Rfd1 d6 20. Rd4 Rg6 21. g3 Re6 22. Rc1 Kf7 23. b4 {[%cal Bb2b4,Bb4c5][%mdl 32]} Bf3 24. c5 dxc5 25. bxc5 Bc6 {Precision: White = 37%, Black = 36%.} 1/2-1/2

[Event "Portugal Open 2019"]
[Site "Lisbon"]
[Date "2019.02.03"]
[Round "2"]
[White "Tscharotschkin, Michael"]
[Black "Yankelevich, Lev"]
[Result "0-1"]
[WhiteElo "2178"]
[BlackElo "2445"]
[Annotator "TA"]
[PlyCount "46"]
[EventDate "2019.01.25"]
[EventType "swiss"]
[EventCountry "POR"]
[SourceTitle "playchess.com"]
[Source "ChessBase"]
[SourceQuality "1"]

{[%evp 9,46,-12,-4,-11,0,-2,-17,-19,-15,-13,-10,-10,-6,-99,-98,-97,-91,-108,-44,-64,-24,-21,0,6,34,29,68,0,0,25,27,0,0,0,14,-168,-156,-775,-775]} 1. d4 $146 (1. b3 Nf6 2. Bb2 g6 3. d4 Bg7 4. Nf3 O-O 5. g3 c5 6. e3 cxd4 7. exd4 d5 8. Bg2 Nc6 {1-0 (37) Granda Zuniga,J (2650)-Hoffman,A (2470) Buenos Aires 2018}) ({Predecessor:} 1. Nf3 Nf6 2. g3 g6 3. b3 Bg7 4. Bb2 d5 5. Bg2 c5 6. O-O O-O 7. e3 Nc6 8. d4 cxd4 {½-½ (32) Haznedaroglu,K (2472)-Kanmazalp,O (2481) Ankara 2018}) 1... Nf6 2. Nf3 c5 3. e3 g6 4. g3 Bg7 5. Bg2 O-O 6. O-O {A48: 1 d4 Nf6 2 Nf3 g6: Torre, London and Colle Systems} d5 7. b3 cxd4 8. exd4 {The position is equal.} Nc6 9. Bb2 Bf5 (9... Bg4 10. Nc3 Rc8 11. Ne2 Rc7 12. h3 Bxf3 13. Bxf3 {1-0 (37) Granda Zuniga,J (2650)-Hoffman,A (2470) Buenos Aires 2018}) 10. c3 b5 ({Predecessor:} 10... Qc7 11. Nbd2 Rad8 12. Re1 Rfe8 13. Nf1 e5 14. dxe5 Nxe5 15. Nxe5 Rxe5 {½-½ (32) Haznedaroglu,K (2472)-Kanmazalp,O (2481) Ankara 2018}) 11. Ne5 (11. Nbd2 $11) 11... Nxe5 $17 12. dxe5 {[#]} Ng4 $1 13. a4 Nxe5 ({Black should try} 13... bxa4 $17 14. Rxa4 Nxe5 15. Qxd5 Rb8) 14. axb5 $15 e6 {[#]} 15. c4 $1 {[%mdl 512]} Bg4 (15... dxc4 16. bxc4) 16. Qd2 Bh3 17. Re1 d4 18. Bxd4 Nxc4 $1 19. bxc4 Bxd4 20. Ra3 Bxg2 21. Kxg2 Rc8 22. Rd1 $2 (22. Qe2 $11) 22... Rxc4 $19 23. Rxa7 $2 (23. Rd3 $17 e5 24. Na3) 23... Qd5+ {[%mdl 64] Double Attack. Accuracy: White = 31%, Black = 49%.} 0-1

[Event "Portugal Open 2019"]
[Site "Lisbon"]
[Date "2019.02.03"]
[Round "2"]
[White "Sousa, Ludy Helsio Paulo"]
[Black "Srinath, Rao S.V."]
[Result "1-0"]
[WhiteElo "2169"]
[BlackElo "2437"]
[Annotator "TA"]
[PlyCount "69"]
[EventDate "2019.01.25"]
[EventType "swiss"]
[EventCountry "POR"]
[SourceTitle "playchess.com"]
[Source "ChessBase"]
[SourceQuality "1"]

{[%evp 17,69,0,0,6,9,5,82,98,131,140,239,248,327,320,322,256,258,258,326,314,426,417,437,448,671,668,674,635,735,706,710,570,759,732,650,628,622,622,737,751,791,757,1219,1208,3613,3212,2041,1075,1962,1460,29996,29991,29991,29991]} 1. e4 e6 2. d4 d5 3. Nc3 Nf6 4. Bg5 Bb4 5. e5 h6 6. Be3 Ne4 7. Qg4 g6 8. a3 Bxc3+ 9. bxc3 c5 {White must now prevent ...Qa5.} ({Predecessor:} 9... h5 10. Qf4 c5 {0-1 (36) Morros Faura,R (2196)-Aranaz Murillo,A (2344) Barcelona 2015}) 10. Bd3 {C12: French: Classical System: McCutcheon Variation} h5 $146 {[%cal Rh5g4]} (10... Nxc3 11. dxc5 Nc6 12. Nf3 Qa5 13. O-O Qa4 14. Qxa4 Nxa4 15. Bb5 Nc3 16. a4 Bd7 17. Ra3 Ne4 {½-½ (74) Ponkratov,P (2605)-Nguyen,N (2625) Khanty-Mansiysk 2013}) 11. Qf4 Nxc3 (11... g5 $1 $11 {remains equal.} 12. Qf3 Nxc3) 12. dxc5 $16 {White is better.} Nd7 ({Predecessor:} 12... Nc6 13. Nf3 d4 14. Bd2 Nd5 15. Qe4 Nde7 {0-1 (36) Morros Faura,R (2196)-Aranaz Murillo,A (2344) Barcelona 2015}) 13. Nf3 Qa5 (13... Qc7 $16 {was called for.}) 14. O-O $18 Nxc5 15. Qf6 Rf8 16. Bh6 ({Weaker is} 16. Bg5 Qc7 $16) 16... Rg8 {[#]} 17. Bd2 $1 $40 {[%mdl 128] White has strong attack.} Nd7 18. Qf4 Qc7 19. Ng5 Rg7 20. Rfe1 Ne4 (20... a5 $142 21. Bxg6 Qc4) 21. Bxe4 dxe4 22. Nxe4 g5 23. Nf6+ Kd8 24. Qd4 Qb6 25. Qd3 Qa6 26. c4 Qc6 27. Rad1 a5 28. Bc3 b6 29. Re4 Ra7 30. Rd4 Ke7 31. Rd6 Qc7 32. a4 h4 33. Bb2 Nc5 34. Ba3 Rg6 35. Rxb6 {Accuracy: White = 80%, Black = 17%.} 1-0